Touchstone Level 3 Student's Book with Online Workbook (Registro nro. 2070)
[ vista simple ]
| 000 -LEADER | |
|---|---|
| fixed length control field | 02756nam a22002177a 4500 |
| 003 - CONTROL NUMBER IDENTIFIER | |
| control field | OSt |
| 005 - DATE AND TIME OF LATEST TRANSACTION | |
| control field | 20260413112449.0 |
| 008 - FIXED-LENGTH DATA ELEMENTS--GENERAL INFORMATION | |
| fixed length control field | 260413b |||||||| |||| 00| 0 eng d |
| 020 ## - INTERNATIONAL STANDARD BOOK NUMBER | |
| International Standard Book Number | 9781107684553 |
| 082 ## - DEWEY DECIMAL CLASSIFICATION NUMBER | |
| Edition number | 9781107684553 |
| Classification number | 9781107684553 |
| 100 ## - MAIN ENTRY--PERSONAL NAME | |
| Personal name | Michael McCarthy |
| Dates associated with a name | Jeanne McCarten y Helen Sandiford. |
| 245 ## - TITLE STATEMENT | |
| Title | Touchstone Level 3 Student's Book with Online Workbook |
| 250 ## - EDITION STATEMENT | |
| Edition statement | 2 edición |
| 260 ## - PUBLICATION, DISTRIBUTION, ETC. | |
| Place of publication, distribution, etc. | Cambridge, Reino Unido |
| Name of publisher, distributor, etc. | Cambridge University Press. |
| Date of publication, distribution, etc. | 2014 |
| 300 ## - PHYSICAL DESCRIPTION | |
| Extent | 160 páginas. |
| Other physical details | Online Workbook |
| Dimensions | 27,6 x 21,6 cm. |
| 490 ## - SERIES STATEMENT | |
| Materials specified | acabado plastificado mate o semibrillante. |
| 520 ## - SUMMARY, ETC. | |
| Summary, etc. | El objetivo principal de Touchstone Level 3 Student's Book es desarrollar en el estudiante una competencia comunicativa real y natural en el idioma inglés. A diferencia de otros métodos tradicionales, este libro de Cambridge University Press se basa en investigaciones del Cambridge English Corpus, una base de datos de lenguaje real que permite enseñar las palabras y estructuras que los hablantes nativos utilizan verdaderamente en su día a día.<br/>Un segundo propósito fundamental es el desarrollo de la estrategia de conversación. El libro no solo enseña gramática, sino que entrena al alumno en técnicas específicas para mantener una charla fluida, como el uso de muletillas naturales, formas de reaccionar a lo que otros dicen y estrategias para no dejar morir una conversación, lo cual es esencial para alcanzar un nivel intermedio de confianza.<br/>El tercer objetivo se centra en la personalización del aprendizaje. Cada unidad está diseñada para que el estudiante relacione los temas (como planes de viaje, anécdotas o estilos de vida) con su propia experiencia. Esto busca que el idioma no sea algo abstracto, sino una herramienta práctica que el alumno pueda usar inmediatamente para hablar de sí mismo y de su entorno con precisión.<br/>En cuarto lugar, el libro integra el uso de la tecnología a través de su componente Online Workbook. El objetivo aquí es fomentar la autonomía del estudiante, permitiéndole practicar de forma interactiva fuera del aula. Esto refuerza lo aprendido en clase y ofrece una retroalimentación inmediata, adaptándose a los ritmos de aprendizaje modernos y digitales.<br/>Finalmente, el objetivo global es consolidar el nivel B1 (Intermedio) según el Marco Común Europeo de Referencia. Al terminar este nivel, el alumno debe ser capaz de desenvolverse en la mayoría de las situaciones que surgen al viajar, describir experiencias y deseos, y justificar brevemente sus opiniones, sentando las bases sólidas para avanzar hacia niveles superiores de fluidez. |
| 650 ## - SUBJECT ADDED ENTRY--TOPICAL TERM | |
| Topical term or geographic name entry element | The Way We Are |
| Form subdivision | Experiences |
| General subdivision | Wonders of the World |
| 700 ## - ADDED ENTRY--PERSONAL NAME | |
| Personal name | Michael McCarthy |
| 942 ## - ADDED ENTRY ELEMENTS (KOHA) | |
| Source of classification or shelving scheme | Dewey Decimal Classification |
| Koha item type | Acceso Libre |
| Suppress in OPAC | No |
| Withdrawn status | Lost status | Source of classification or shelving scheme | Damaged status | Not for loan | Collection | Home library | Current library | Shelving location | Date acquired | Source of acquisition | Coded location qualifier | Inventory number | Total checkouts | Full call number | Barcode | Date last seen | Copy number | Price effective from | Koha item type |
|---|---|---|---|---|---|---|---|---|---|---|---|---|---|---|---|---|---|---|---|
| Dewey Decimal Classification | Estantería F Fila 2 | Biblioteca Stanford | Biblioteca Stanford | Biblioteca Abierta | 13.04.2026 | IDIOMAS | 0494 | 0494 | INGLES | IDIOMA0494 | 13.04.2026 | 1 | 13.04.2026 | Acceso Libre |